Movies Quiz

Random Movies or Box Office Quiz

Franchises on Top Quiz Stats

 Plays Quiz Updated Jul 25, 2017

Support Sporcle.
Go Orange.
Score 0/13 Timer 02:00
5 Plays Today
% Correct
Star Wars
85.5%
Harry Potter
82.8%
Jurassic Park
80.8%
The Avengers
80.6%
Pirates of the Caribbean
79.1%
Spider-Man
77%
Batman
76%
Indiana Jones
66.2%
Jaws
46.2%
Superman
40.1%
Star Trek
38.4%
Ghostbusters
34.7%
Beverly Hills Cop
23.5%

You're not logged in!

Compare scores with friends on all Sporcle quizzes.
OR
Log In
Forgot?

From the Vault

Country Per Letter: Europe

by NO_r_WAY

Some countries are doubling up, though.
Remove Ads.
Support Sporcle.
Get the best of Sporcle when you Go Orange. This ad-free experience offers more features, more stats, and more fun while also helping to support Sporcle. Thank you for becoming a member.

Show Comments

Extras

Top Quizzes Today


Score Distribution

Your Account Isn't Verified!

In order to create a playlist on Sporcle, you need to verify the email address you used during registration. Go to your Sporcle Settings to finish the process.

Report this User

Report this user for behavior that violates our Community Guidelines.

Details: